Normal view
MARC view
Entry Personal Name
001 - CONTROL NUMBER
- control field: 36963
003 - CONTROL NUMBER IDENTIFIER
- control field: OSt
005 - DATE AND TIME OF LATEST TRANSACTION
- control field: 20240222135916.0
008 - FIXED-LENGTH DATA ELEMENTS
- fixed length control field: 240222|| aca||aabn | a|a d
040 ## - CATALOGING SOURCE
- Original cataloging agency: OSt
- Transcribing agency: OSt
100 ## - HEADING--PERSONAL NAME
- Personal name: ကိုလေး၊ ဦး
670 ## - SOURCE DATA FOUND
- Source citation: Work cat.: (OSt)19126: ရာဟုလာ၊ ဝါလ်ပိုလာ၊ ဒေါက်တာ 16638, မြတ်ဗုဒ္ဓဒေသနာ=What the Buddha taught /, ၁၉၈၄။